000 00335 a2200145 4500
001 181650
020 _a
040 _cMagnum
100 _aOliveira, Santos de
240 1 0 _aA inspetora e o piano maluco
_lpor
245 1 0 _aA inspetora e o piano maluco
362 0 _a1899
697 _aMAGNITO: IJ/AVENTURA, CRIANCAS
942 _cBK
999 _c181650
_d181650